| 000 | 00834nam a2200253 a 4500 | ||
|---|---|---|---|
| 999 |
_c11008 _d11008 |
||
| 001 | 11008 | ||
| 003 | BD-JhCC | ||
| 005 | 20221120134024.0 | ||
| 008 | 190623s20072019bg |||| |||| 000 0 ben d | ||
| 020 | _a9849787011700040 | ||
| 035 | _a(BD-JhCC)11008 | ||
| 040 |
_aBD-JhCC _dBD-JhCC |
||
| 041 | _aben | ||
| 082 |
_a823.914 _bSMI 2019 |
||
| 100 | _aউইলবার, স্মিথ | ||
| 245 |
_aরিভার গড / _cস্মিথ উইলবার; মখদুম আহমেদ অনু. |
||
| 246 | _b৪র্থ সংস্করণ. | ||
| 260 |
_aঢাকা : _bরোদেলা, _c২০১৯. |
||
| 300 |
_a৪১৫ পৃ. : _c২২ সেমি. |
||
| 650 | _aFiction. | ||
| 650 |
_aHistory _vFiction. _y332 B.C. _zEgypt |
||
| 700 | _aআহমেদ, মখদুম | ||
| 942 |
_2ddc _cBK _09 |
||